ՀՀ Գիտությունների ազգային ակադեմիայի հիմնարար գիտական գրադարան  =   Fundamental Scientific Library of NAS RA

La bella addormentata nel bosco : (Record no. 308158)

MARC details
000 -LEADER
fixed length control field 00872nam a2200217 a 4500
001 - CONTROL NUMBER
control field 000872744
003 - CONTROL NUMBER IDENTIFIER
control field AM-YeHGA
005 - DATE AND TIME OF LATEST TRANSACTION
control field 20250617145220.0
008 - FIXED-LENGTH DATA ELEMENTS--GENERAL INFORMATION
fixed length control field 120306s ||| r 000 0 ita d
040 ## - CATALOGING SOURCE
Original cataloging agency AM-YeHGA
041 0# - LANGUAGE CODE
Language code of text/sound track or separate title ita
090 ## - LOCALLY ASSIGNED LC-TYPE CALL NUMBER (OCLC); LOCAL CALL NUMBER (RLIN)
-- 309868
100 1# - MAIN ENTRY--PERSONAL NAME
Personal name Cajkovskij, Piotr. I.
245 13 - TITLE STATEMENT
Title La bella addormentata nel bosco :
Remainder of title Ballletto in un prologo e tre atti : Prima rappresentazione : 6 aprile 1978 /
Statement of responsibility, etc. Musica di Piotr. I. Cajkovskij ; Libretto di M. Petipa e I.A. Vsevolozskij ; Regia e coreografia di Rudolf Nureyev ; Scene e costumi di Nicholas Georgiadis.
260 ## - PUBLICATION, DISTRIBUTION, ETC.
Place of publication, distribution, etc. Milano :
Name of publisher, distributor, etc. Edizioni della Scala,
Date of publication, distribution, etc. s.a.
300 ## - PHYSICAL DESCRIPTION
Extent 43, [16] p. :
Other physical details ill.
500 ## - GENERAL NOTE
General note On cover : Teatro alla scala, Ente Autonomo. Stagione del Bicentenario, 1778-1978
650 14 - SUBJECT ADDED ENTRY--TOPICAL TERM
Topical term or geographic name entry element Ballet
General subdivision History
Chronological subdivision 20th century.
700 1# - ADDED ENTRY--PERSONAL NAME
Personal name Petipa, M.
700 1# - ADDED ENTRY--PERSONAL NAME
Personal name Vsevolozskij, I.A.
Holdings
Withdrawn status Lost status Source of classification or shelving scheme Damaged status Not for loan Collection Home library Current library Date acquired Total checkouts Full call number Barcode Date last seen Price effective from Koha item type Public note
    Universal Decimal Classification     Levon Zekiyan Individual Collection Fundamental Scientific Library Fundamental Scientific Library 09/01/2017   Zek/1275 FL0219260 09/01/2017 09/01/2017 Գրքեր / Books ILL Non-Circ.


ՀՀ ԳԱԱ հիմնարար գիտական գրադարան
ՀՀ,Երևան 0019
Մարշալ Բաղրամյան 24/6
հեռախոս:(374-10) 52-47-50
Հետադարձ կապ

All site content, except where otherwise noted, is licensed under a
Creative Commons License